书目信息 |
| 题名: |
电磁波传播研究
|
|
| 作者: | ;《电磁波传播研究》编委会 | |
| 分册: | ||
| 出版信息: | 北京 科学出版社 1998 |
|
| 页数: | 423页 | |
| 开本: | 26cm | |
| 丛书名: | ||
| 单 册: | ||
| 中图分类: | O441,4 | |
| 科图分类: | ||
| 主题词: | 电动力学 , 电磁学 | |
| 电子资源: | ||
| ISBN: | 7-03-006581-6 | |
| 000 | 00752nam0 2200205 450 | |
| 001 | 0735592734 | |
| 005 | 20070906095312.73 | |
| 010 | @a7-03-006581-6@b精装@d¥60.00 | |
| 100 | @a20070906d km y0chiy0120 ea | |
| 101 | 0 | @achi |
| 200 | 1 | @a电磁波传播研究@Adian ci bo chuan bo yan jiu@e吕保维院士八十寿庆纪念文集@f《电磁波传播研究》编委会@F《dian ci bo chuan bo yan jiu》bian wei hui |
| 210 | @a北京@c科学出版社@d1998 | |
| 215 | @a423页@d26cm | |
| 517 | 1 | @a吕保维院士八十寿庆纪念文集@Alu bao wei yuan shi ba shi shou qing ji nian wen ji |
| 606 | 0 | @a电动力学 |
| 606 | 0 | @a电磁学 |
| 690 | @aO441,4@v3 | |
| 711 | 02 | @a《电磁波传播研究》编委会@A《dian ci bo chuan bo yan jiu》bian wei hui |
| 801 | 0 | @aCN@bPFT@c20070906 |
| 905 | @a213230@dO441,4@eP20@f1 | |
| 电磁波传播研究:吕保维院士八十寿庆纪念文集/《电磁波传播研究》编委会.-北京:科学出版社,1998 |
| 423页;26cm |
| ISBN 7-03-006581-6(精装):¥60.00 |
| ● |
| 相关链接 |
|
|
|
|
正题名:电磁波传播研究
索取号:O441,4/P20
 
预约/预借
| 序号 | 登录号 | 条形码 | 馆藏地/架位号 | 状态 | 备注 |
| 1 | 7200084 | 272000844 | 密集书库-物理学院/ [索取号:O441,4/P20] | 在馆 |